Football Teams Andrey Arshavin Played For - Statistics

General Stats
  • This quiz has been taken 23 times
  • The average score is 6 of 8
Answer Stats
League Years Team % Correct
England 2009-2012 Arsenal FC
100%
England 2012-2013 Arsenal FC
100%
Russia 1999-2000 Zenit 2 St. Petersburg
79%
Russia 2000-2009 Zenit St. Petersburg
79%
Russia 2012 Zenit St. Petersburg
79%
Russia 2013-2015 Zenit St. Petersburg
79%
Kazakhstan 2016-2019 FC Kairat Almaty
47%
Russia 2015-2016 PFC Kuban Krasnodar
47%
No matching quizzes found
Score Distribution
Percent of People with Each Score
Percentile by Number Answered
Your Score History
You have not taken this quiz